Logical Number Crossword III Quiz Stats

 Plays Quiz not verified by Sporcle

Score 0/20 Timer 08:00
0 Plays Today
# Number % Correct



???
97.8%



???
97.6%



???
97.6%



???
97.6%



???
97.6%



???
97.6%



4
???
34.7%



1
???
29.9%




???
28.4%



2
???
25.7%
# Number % Correct




???
24.6%



6
???
23.9%



5
???
23.8%



3
???
23.7%



7
???
23.1%



 
???
22.4%



8
???
22.2%
 



???
20.8%

 


???
20.8%




???
18.4%

You're not logged in!

Compare scores with friends on all Sporcle quizzes.
OR
Log In

You Might Also Like...

Show Comments

Extras

Created Apr 6, 2013ReportNominate
Tags:Crossword Quiz, note

Top Quizzes Today


Score Distribution

Your Account Isn't Verified!

In order to create a playlist on Sporcle, you need to verify the email address you used during registration. Go to your Sporcle Settings to finish the process.

Report this User

Report this user for behavior that violates our Community Guidelines.

Details: